| 000 | 00995nam a22002412 4500 | ||
|---|---|---|---|
| 001 | 0000012185 | ||
| 005 | 20151217152108.0 | ||
| 008 | 090213s xx 000 0 eng d | ||
| 020 | _a0821325582 : | ||
| 040 |
_aKABU _cKABU |
||
| 111 | 2 |
_aWorld Bank Annual Coference on Development Economics _cWashington, D. C : _d1993. _@0000168429 |
|
| 245 | 1 | 0 |
_aProceedings of the World Bank Annual Conference on Development Economics 1993 : _bsupplement to the World Bank Economic Review and the World Bank Research Observer / _ceditors, Michael Bruno and Boris Pleskovic. |
| 250 | _a1st ed. | ||
| 260 |
_aWashington, D. C. : _bWorld Bank, _c1994. |
||
| 300 | _a489 p. | ||
| 651 | 0 |
_aDeveloping countries _xEconomic conditions. _@0000150056 |
|
| 651 | 0 |
_aDeveloping countries _xEconomic policy. _@0000150057 |
|
| 700 | 1 |
_aBruno, Michael. _@0000163457 |
|
| 700 | 1 |
_a Pleskovic, Boris. _@0000157968 |
|
| 852 | 1 | _9p500 KES | |
| 908 | _a090213 | ||
| 950 | _@1 | ||
| 999 |
_c8215 _d8215 |
||